<?xml version="1.0" encoding="UTF-8"?>
<record
    xmlns:xsi="http://www.w3.org/2001/XMLSchema-instance"
    xsi:schemaLocation="http://www.loc.gov/MARC21/slim http://www.loc.gov/standards/marcxml/schema/MARC21slim.xsd"
    xmlns="http://www.loc.gov/MARC21/slim">

  <leader>01235nam a2200205 a 4500</leader>
  <controlfield tag="008">190917t2001    sp  |||g |||| 001 0 spa d</controlfield>
  <datafield tag="020" ind1=" " ind2=" ">
    <subfield code="a">8484411125</subfield>
  </datafield>
  <datafield tag="041" ind1=" " ind2=" ">
    <subfield code="a">spa</subfield>
  </datafield>
  <datafield tag="092" ind1=" " ind2=" ">
    <subfield code="c">808</subfield>
    <subfield code="l">81</subfield>
    <subfield code="s">STI</subfield>
  </datafield>
  <datafield tag="100" ind1="1" ind2=" ">
    <subfield code="a">Stine, R. L.</subfield>
    <subfield code="9">4016</subfield>
  </datafield>
  <datafield tag="245" ind1="3" ind2=" ">
    <subfield code="a">La casa del terror. Abre la puerta.</subfield>
    <subfield code="b">Querido diario: estoy muerto! /</subfield>
    <subfield code="c">R. L. Stine</subfield>
  </datafield>
  <datafield tag="250" ind1=" " ind2=" ">
    <subfield code="a">1a ed.</subfield>
  </datafield>
  <datafield tag="260" ind1=" " ind2=" ">
    <subfield code="a">Barcelona:</subfield>
    <subfield code="b">Montena Mondadori;</subfield>
    <subfield code="c">2001.</subfield>
  </datafield>
  <datafield tag="300" ind1=" " ind2=" ">
    <subfield code="a">158 p.</subfield>
  </datafield>
  <datafield tag="500" ind1=" " ind2=" ">
    <subfield code="a">Stine, R. L. (2001). La casa del terror. Abre a puerta. Querido diario: estoy muerto!. (1a ed.). Barcelona : Montena Mondadori.</subfield>
  </datafield>
  <datafield tag="505" ind1=" " ind2=" ">
    <subfield code="a">Tienes en tus manos la llave para entrar en un mundo de sombra, miedo y terror. Deja atr&#xE1;s el confortable y seguro mundo en el que viven, abre la puerta al terror, siempre hay sitio para ti en la Casa el terror. Te presento a Alex Smith, ese chico que corre como un loco a casa a mirar su diario. Y es que Alex nunca ha escrito ni una palabra en su diario pero ayer encontr&#xF3; una misteriosa nota que habla sobre su futuro. Lo que &#xE9;l no sabe es que en cuanto abra el diario estar&#xE1; abriendo la puerta de La casa del terror. </subfield>
  </datafield>
  <datafield tag="590" ind1=" " ind2=" ">
    <subfield code="a">Proyecto 4to libro, Donaci&#xF3;n Navarro Adriana, febrero 2019</subfield>
  </datafield>
  <datafield tag="655" ind1=" " ind2=" ">
    <subfield code="a">Literatura</subfield>
    <subfield code="9">2917</subfield>
  </datafield>
  <datafield tag="942" ind1=" " ind2=" ">
    <subfield code="2">ddc</subfield>
    <subfield code="c">LIT</subfield>
  </datafield>
  <datafield tag="999" ind1=" " ind2=" ">
    <subfield code="c">2869</subfield>
    <subfield code="d">2869</subfield>
  </datafield>
  <datafield tag="952" ind1=" " ind2=" ">
    <subfield code="0">0</subfield>
    <subfield code="1">0</subfield>
    <subfield code="2">ddc</subfield>
    <subfield code="4">0</subfield>
    <subfield code="7">0</subfield>
    <subfield code="a">BFM</subfield>
    <subfield code="b">BFM</subfield>
    <subfield code="c">CR</subfield>
    <subfield code="d">2019-03-01</subfield>
    <subfield code="e">Donaci&#xF3;n Adriana Navarro, febrero 2019</subfield>
    <subfield code="l">0</subfield>
    <subfield code="o">808 81 STI</subfield>
    <subfield code="p">4384</subfield>
    <subfield code="r">2019-03-01</subfield>
    <subfield code="t">Ej. 1</subfield>
    <subfield code="w">2019-03-01</subfield>
    <subfield code="y">LIT</subfield>
    <subfield code="z">Proyecto 4to libro. Donaci&#xF3;n Adriana Navarro, febrero 2019</subfield>
  </datafield>
</record>
